<?xml version="1.0" encoding="UTF-8"?>
<record
    xmlns:xsi="http://www.w3.org/2001/XMLSchema-instance"
    xsi:schemaLocation="http://www.loc.gov/MARC21/slim http://www.loc.gov/standards/marcxml/schema/MARC21slim.xsd"
    xmlns="http://www.loc.gov/MARC21/slim">

  <leader>01214nam a2200241 a 4500</leader>
  <controlfield tag="001">BRCA_8997</controlfield>
  <controlfield tag="005">20190320210503.0</controlfield>
  <controlfield tag="008">140717s1776----sp-#######---#000-0#spa-#</controlfield>
  <datafield tag="041" ind1=" " ind2=" ">
    <subfield code="a">spa</subfield>
  </datafield>
  <datafield tag="044" ind1=" " ind2=" ">
    <subfield code="a">sp</subfield>
  </datafield>
  <datafield tag="084" ind1=" " ind2=" ">
    <subfield code="a">LM22</subfield>
    <subfield code="b">.L67 1776</subfield>
  </datafield>
  <datafield tag="100" ind1="1" ind2=" ">
    <subfield code="a">Lopez Mu&#xF1;oz, Antonio</subfield>
    <subfield code="9">22330</subfield>
  </datafield>
  <datafield tag="245" ind1="1" ind2="0">
    <subfield code="a">Directorio moral del reverendo Padre Fr. Francisco Echarri del Orden de N. Padre San Francisco en la Regular Observancia, segunda vez ilustrado, reformado y a&#xF1;adido</subfield>
    <subfield code="c">por el R. P. Fr. Antonio Lopez Mu&#xF1;oz, lector dos veces jubilado, Examinador Synodal, Padre de la Provincia de Cartagena, del referido Orden, y Regente de Estudios en el Colegio de la Inmaculada Concepci&#xF3;n de la Ciudad de Murcia; segunda impresi&#xF3;n en dos tomos.</subfield>
  </datafield>
  <datafield tag="250" ind1=" " ind2=" ">
    <subfield code="a">2a ed.</subfield>
  </datafield>
  <datafield tag="260" ind1=" " ind2=" ">
    <subfield code="a">Murcia</subfield>
    <subfield code="b">Por Felipe Teruel</subfield>
    <subfield code="c">1776</subfield>
  </datafield>
  <datafield tag="300" ind1=" " ind2=" ">
    <subfield code="a">548 p. (t.2)</subfield>
    <subfield code="c">22.2 x 16 cm</subfield>
  </datafield>
  <datafield tag="500" ind1=" " ind2=" ">
    <subfield code="a">Con privilegio</subfield>
  </datafield>
  <datafield tag="500" ind1=" " ind2=" ">
    <subfield code="a">En portada: A costa  de Joseph Santiago G&#xF3;mez, Mercader de Libros, donde se hallar&#xE1;</subfield>
  </datafield>
  <datafield tag="500" ind1=" " ind2=" ">
    <subfield code="a">Estado f&#xED;sico: presenta encuadernaci&#xF3;n en pergamino con lomo semi desprendido, cintas rotas y presencia del pez de plata</subfield>
  </datafield>
  <datafield tag="650" ind1="1" ind2="4">
    <subfield code="a">&#xC9;tica cristiana</subfield>
    <subfield code="y">Obras anteriores a 1800</subfield>
    <subfield code="9">22125</subfield>
  </datafield>
  <datafield tag="902" ind1=" " ind2=" ">
    <subfield code="a">CFM</subfield>
  </datafield>
  <datafield tag="942" ind1=" " ind2=" ">
    <subfield code="2">lcc</subfield>
    <subfield code="c">B</subfield>
  </datafield>
  <datafield tag="999" ind1=" " ind2=" ">
    <subfield code="c">8648</subfield>
    <subfield code="d">8648</subfield>
  </datafield>
  <datafield tag="952" ind1=" " ind2=" ">
    <subfield code="0">0</subfield>
    <subfield code="1">0</subfield>
    <subfield code="4">0</subfield>
    <subfield code="7">0</subfield>
    <subfield code="a">BRCA</subfield>
    <subfield code="b">BRCA</subfield>
    <subfield code="d">2017-07-14</subfield>
    <subfield code="l">0</subfield>
    <subfield code="o">LM22 .L67 1776</subfield>
    <subfield code="p">CFM00280</subfield>
    <subfield code="r">2019-03-22 00:00:00</subfield>
    <subfield code="w">2019-03-22</subfield>
    <subfield code="y">B</subfield>
  </datafield>
</record>
